Behavior therapy : a clinical introduction /

Saved in:
Bibliographic Details
Main Author: Lanyon, Richard I., 1937-
Other Authors: Lanyon, Barbara P. (joint author.)
Format: Book
Language:English
Published: Reading, Mass. : Addison-Wesley Pub. Co., c1978.
Series:Addison-Wesley series in clinical and professional psychology
Subjects:
LEADER 01062nam a2200277 i 4500
001 c000328624
003 CARM
005 00000000000000.0
008 780714s1978 mau b 00110 eng
019 1 |a 1231730  |5 LACONCORD2021 
020 |a 0201041006 
035 |a (OCoLC)4079380  |5 LACONCORD2021 
050 0 0 |a RC489.B4  |b L28 
100 1 |a Lanyon, Richard I.,  |d 1937- 
245 1 0 |a Behavior therapy :  |b a clinical introduction /  |c Richard I. Lanyon and Barbara P. Lanyon. 
260 |a Reading, Mass. :  |b Addison-Wesley Pub. Co.,  |c c1978. 
300 |a xii, 192 p. ;  |c 21 cm. 
490 0 |a Addison-Wesley series in clinical and professional psychology 
500 |a Includes index. 
504 |a Bibliography: p. 185-187. 
650 0 |a Behavior therapy. 
700 1 |a Lanyon, Barbara P.,  |e joint author. 
852 8 |b CARM  |h A1:AN19G0  |i B08614  |p 0412488  |f BK 
082 0 4 |a 616.8/914 
999 f f |i 8ad762a5-3dd8-509b-b8fa-76c5952e6d33  |s 84ead5d4-a5f0-5b0b-b292-571043448049 
952 f f |p Can circulate  |a CAVAL  |b CAVAL  |c CAVAL  |d CARM 1 Store  |e B08614  |f A1:AN19G0  |h Other scheme  |i book  |m 0412488